Top 10 Rappers of the 2010s - Statistics

General Stats
  • This quiz has been taken 337 times
  • The average score is 8 of 10
Answer Stats
# Rapper Hit Song % Correct
1 Drake God's Plan
99%
2 Kendrick Lamar Humble
96%
6 Travis Scott Sicko Mode
95%
4 Future Mask Off
89%
5 J. Cole Middle Child
86%
8 Nicki Minaj Anaconda
83%
9 Tyler, the Creator Earfquake
81%
3 Kanye West FourFiveSeconds
73%
7 JAY-Z Drunk in Love
54%
10 Pusha-T Mercy
26%
No matching quizzes found
Score Distribution
Percent of People with Each Score
Percentile by Number Answered
Your Score History
You have not taken this quiz